Evangelina / (Record no. 73258)
[ view plain ]
| 000 -LEADER | |
|---|---|
| campo de control de longitud fija | 00663nam a2200193 i 4500 |
| 001 - NÚMERO DE CONTROL | |
| campo de control | 73258 |
| 003 - IDENTIFICADOR DE NÚMERO DE CONTROL | |
| campo de control | ES-MaACL |
| 005 - FECHA Y HORA DE LA ÚLTIMA TRANSACCIÓN | |
| campo de control | 20250826122123.0 |
| 007 - CAMPO FIJO DE DESCRIPCIÓN FÍSICA--INFORMACIÓN GENERAL | |
| campo de control de longitud fija | t| |
| 008 - DATOS DE LONGITUD FIJA--INFORMACIÓN GENERAL | |
| campo de control de longitud fija | 040923s1901 mx ||||1| spa d |
| 100 1# - ENTRADA PRINCIPAL--NOMBRE DE PERSONA | |
| Nombre de persona | Longfellow, Henry Wadsworth. |
| 9 (RLIN) | 73236 |
| 245 10 - MENCIÓN DEL TÍTULO | |
| Título | Evangelina / |
| Mención de responsabilidad, etc. | poema de Longfellow ; traducido en verso castellano por Joaquín D. Casaus ; con un prólogo de Ignacio M. Altamirano. |
| 260 ## - PUBLICACIÓN, DISTRIBUCIÓN, ETC. | |
| Lugar de publicación, distribución, etc. | México : |
| Nombre del editor, distribuidor, etc. | [s.n.], |
| Fecha de publicación, distribución, etc. | 1901 ( |
| Fabricante | Ignacio Escalante) |
| 300 ## - DESCRIPCIÓN FÍSICA | |
| Extensión | 188 p. ; |
| Dimensiones | 20 cm. |
| 700 1# - ENTRADA AGREGADA--NOMBRE PERSONAL | |
| Nombre de persona | Casaus, Joaquín D. |
| 9 (RLIN) | 36257 |
| 700 1# - ENTRADA AGREGADA--NOMBRE PERSONAL | |
| Nombre de persona | Altamirano, Ignacio Manuel, |
| Fechas asociadas al nombre | 1834-1893 |
| 9 (RLIN) | 20518 |
| 852 ## - LOCALIZACIÓN | |
| Ubicación | ES-MaACL |
| Número de control de estantería | G-12285 |
| Estatus retirado | Estado de pérdida | Estado de daño | No para préstamo | Biblioteca de origen | Biblioteca actual | Ubicación en estantería | Fecha de adquisición | Fuente de adquisición | Total de préstamos | Signatura topográfica completa | Código de barras | Visto por última vez | Precio de reemplazo | Tipo de ítem Koha |
|---|---|---|---|---|---|---|---|---|---|---|---|---|---|---|
| Biblioteca del Ateneo de Madrid | Biblioteca del Ateneo de Madrid | Sala Pecera Planta 3 | 17/01/2008 | G-12285 | 1076686 | 23/02/2023 | 23/02/2023 | Libro impreso antiguo |
